000 00804nam a2200241 i 4500
001 106120
003 ES-MaACL
005 20250802062536.0
007 t|
008 061002s1976 fr ||||1| fre d
020 _a2-7071-0812-X
080 _a82.01(04)
100 1 _aSerge, Victor.
_9105542
245 1 0 _aLittérature et révolution
_b: ; suivi de, Littérature prolétarienne? ; et, Une littérature prolétarienne est-elle possible? /
_cVictor Serge.
260 _aParis :
_bFrançois Maspero,
_c1976.
300 _a122 p. ;
_c18 cm.
490 1 _aPetite collection Maspero ;
_v155
500 _aBiblioteca Juan Andrade.
650 7 _aLiteratura
_2embne
_9141583
830 0 _aPetite collection Maspero ;
_v155
_9179674
852 _aES-MaACL
_jAND-853
_bR.110141
999 _c106120
_d106120